1986 1663 1849 1400 1761 1542 1808 1726 1790 1812 1896 1646 1019 1394 1725 1622 1343 1582 1677 1680 1443 1553 1852 1184 1447 1851 1017 1814 1931 1468 1685 1364 1375 1219 1928 1491 1121 1622 1322 1615 1802 1112 1962 1858 1134 1547 1416 1847 1857 1843 1965 1155 1377 1059 1583 1469 1139 1205 1508 1994 1389 1461 1452 1596 1372 1093 1773 1423 1026 1850 1157 1996 1900 1398 1264 1049 1933 1459 1817 1693 1494 1526 1035 1416 1432 1671 1584 1886 1867 1891 1676 1784 1450 1993 1297 1456 1471 1057 1932 BCNSPRNW ULIB Ver.6.0+V

เปลี่ยนเป็นภาษาไทย

Change to English
 แสดงรายละเอียดบรรณานุกรม
  กลับหน้าหลัก

Brief Record : Get Marc (ISO 2709) : E-mail record : QR code < ปิดหน้าต่าง
LEADER : 00000nam 2200000uu 4500
001    13399127658
003     ULIB
008    210316s2561||||th 000 0 tha d
020    ^a9786164682337
060  4 ^aWG169^bอ978ส
100 0  ^aโอภาส ศรัทธาพุทธ, บรรณาธิการ
245 00 ^aสาระสำคัญทางศัลยศาสตร์หัวใจ = ^bEssentials of heart surgery /^cบรรณาธิการ, โอภาส ศรัทธาพุทธ
250    ^aพิมพ์ครั้งที่ 1
260    ^aปทุมธานี : ^bโรงพิมพ์มหาวิทยาลัยธรรมศาสตร์, ^c2561
300    ^a356 หน้า :^bภาพประกอบสี ;^c28 ซม
500    ^aผู้ใหญ่
504    ^aบรรณานุกรมท้ายบทและดรรชนีท้ายเล่ม
505 0  ^aประวัติศัลยกรรมหัวใจ -- ศัลยกายวิภาคของหัวใจ --การดูแลผู้ป่วยในระยะปริศัลยกรรม -- Cardiopulmonary bypassสำหรับการผ่าตัดหัวใจ -- วัสดุเทียมที่ใช้ในระบบหัวใจและหลอดเลือด --โรคหัวใจพิการแต่กำเนิด -- โรคลิ้นหัวใจที่เกิดขึ้นภายหลัง --การรักษาโรคหัวใจขาดเลือดด้วยวิธีศัลยกรรม --การรักษาภาวะหัวใจวายด้วยวิธีศัลยกรรม --หลอดเลือดเอออร์ตาในช่องอกโป่งพอง และการฉีกเซาะของผนังเอออร์ตา --การผ่าตัดในโรคของเยื่อหุ้มหัวใจ -- เนื้องอกของหัวใจ
650  2 ^aThoracic surgery
650  7 ^aหัวใจ^xศัลยกรรม
650  0 ^aมหาวิทยาลัยธรรมศาสตร์
700 0  ^aโอภาส ศรัทธาพุทธ,^eบรรณาธิการ
710 2  ^aมหาวิทยาลัยธรรมศาสตร์.^bคณะแพทยศาสตร์
945    ^p850^l0^i28726
945    ^p850^l0^i28727
999    ^aกัณชพร จุลอักษร
รายการนี้ยังไม่มีแท็ก
คุณยังไม่ได้ล็อกอิน คุณสามารถมีกิจกรรมร่วมกับเว็บไซต์ได้ แต่ต้องล็อกอินก่อน ::
  ล็อกอิน

รายการสื่อสารสนเทศ

ลำดับที่ ประเภท เลขเรียก/บาร์โค้ด สถานที่ สถานะ
1. หนังสือสำรอง
หนังสือสำรอง
WG169 อ978ส ฉ.1 
  Barcode: 28726
ห้องสมุดวิทยาเขตนครสวรรค์
►หนังสือทั่วไป:l:General Books
บนชั้น
2. วิทยาศาสตร์การแพทย์ และสุขภาพ
วิทยาศาสตร์การแพทย์ และสุขภาพ
WG169 อ978ส ฉ.2 
  Barcode: 28727
ห้องสมุดวิทยาเขตนครสวรรค์
►หนังสือทั่วไป:l:General Books
บนชั้น

รายการใกล้เคียง
    ผู้แต่ง [โอภาส ศรัทธาพุทธ, บรรณาธิการ]

    หัวเรื่อง [Thoracic surgery]
    หัวเรื่อง [มหาวิทยาลัยธรรมศาสตร์]

BibComment


ยังไม่เคยถูกคอมเมนท์

คอมเมนท์ทรัพยากรรายการนี้
  คอมเมนท์: สาระสำคัญทางศัลย..


 Copyright 2026. Bcnsprnw @Library